000 00613cam a22002293a 4500
001 32989
003 PGUSA
005 20140828083720.0
008 100627s2010||||xxu|||||s|||||000 p eng d
040 _aPGUSA
_beng
042 _adc
050 4 _aPT
100 1 _aBusch, Wilhelm,
_d1832-1908
245 1 0 _aZu Guter Letzt
_h[electronic resource] /
_cWilhelm Busch
260 _bProject Gutenberg,
_c2010
506 _aPublic domain in the USA.
516 _aElectronic text
653 _aGerman poetry
830 0 _aProject Gutenberg
_v32989
856 4 0 _uhttp://www.gutenberg.org/ebooks/32989
942 _cEB
999 _c262244
_d262244